| 000 | 00432cam a2200169ua 4500 | ||
|---|---|---|---|
| 020 | _c2.00 | ||
| 041 |
_amal _h |
||
| 082 |
_a954 _bKAR/IN |
||
| 100 | _aKarl marx, . | ||
| 245 |
_aIndia charithra kurippukal / _cKarl marx. _hTextual Documents |
||
| 260 |
_aErnamkulam : _bSarva desiya samskarika sahakarana kendram , _c1966. |
||
| 300 | _a260 ; . | ||
| 365 | _a2.00 | ||
| 504 | _a | ||
| 942 | _cBK | ||
| 999 |
_c5137 _d5137 |
||